000 00217nam a2200097Ia 4500
005 20251222113741.0
008 251222s1900||||xx |||||||||||||| ||spa||
082 _aDVD0070/B34/2003
245 0 _aAdiós a Lenin
942 _cDVD
999 _c610
_d610